Earth wars (Record no. 52838)
[ view plain ]
| 000 -LEADER | |
|---|---|
| fixed length control field | 02063nam a2200337 a 4500 |
| 082 04 - DEWEY DECIMAL CLASSIFICATION NUMBER | |
| Classification number | 333.7 |
| 100 1# - MAIN ENTRY--AUTHOR NAME | |
| Personal name | Hiscock, Geoff. |
| 245 10 - TITLE STATEMENT | |
| Title | Earth wars |
| 260 ## - PUBLICATION, DISTRIBUTION, ETC. (IMPRINT) | |
| Place of publication | Singapore ; |
| -- | Hoboken, N.J. : |
| Name of publisher | John Wiley & Sons Singapore, |
| Year of publication | 2012. |
| 300 ## - PHYSICAL DESCRIPTION | |
| Number of Pages | xviii, 286 p. : |
| Other physical details | ill., maps. |
| 650 #0 - SUBJECT ADDED ENTRY--TOPICAL TERM | |
| Topical Term | Natural resources |
| Topical Term | Energy development |
| 856 40 - ELECTRONIC LOCATION AND ACCESS | |
| Uniform Resource Identifier | http://site.ebrary.com/lib/rucke/Doc?id=10630614 |
No items available.
